000 02269 a2200253 4500
001 28934
005 20260407155558.0
008 260407a1998 arg spa d
003 AR-UNSa-BCEJYS
040 _aAR-UNSa-BCEJYS
_bspa
_cAR-UNSa-BCEJYS
080 _a349.2
_xDerecho del Trabajo
245 1 0 _aLa reforma laboral
_pLey 25.013
020 _a950-727-173-2
264 1 _aBuenos Aires :
_bRubinzal-Culzoni Editores
_c1998
300 _a368 p.
_c22 cm.
505 _aParte primera: Modalidades del contrato de trabajo: 1. Contrato de trabajo de aprendisaje - 2. Período de prueba - 3. Modalidades del contrato de trabajo -- Parte segunda: Artículo 30 de la ley de contrato de trabajo: 1. Contratación, subcontratación. Solidaridad -- Parte tercera: Extinción del contrato de trabajo: 1. Consideraciones generales - 2. Preaviso e indemnización sustitutiva del preaviso - 3. Indemnización por antigüedad o despido - 4. Extinción del contrato por fuerza mayor, por falta o disminución del trabajo - 5. Despido discriminatorio - 6. Extinción del contrato por falta justa - 7. Falta de pago en término de la indemnización por despido incausado o de un acuerdo rescisorio homologado - 8. Extinción del contrato de trabajo por despido directo - 9. Extinción del contrato por despido indirecto - 10. Renuncia del trabajador - 11. Extinción del contrato por voluntad concurrente de las partes - 12. Extinción del contrato por abandono del trabajo - 13. Extinción del contrato por jubilación del trabajador - 14. Extinción del contrato por incapacidad o inhabilidad del trabajador - 15. Extinción por fallecimiento del trabajador - 16. Extinción del contrato por fallecimiento del empleador - 17. Extinción por quiebra del empleador -- Parte Cuarta: Convenciones Colectivas: 1. Negociación colectiva - 2. Encuadramiento convencional - 3. Concurrencia y articulación de convenciones colectivas - 4. Procedimientos preventivo de crisis de empresas
041 _aspa
942 _cBK
590 _aniveau_biblio:m niveau_hierar:0
100 1 _aRubio, Valentín
650 _aLey Nº 25.013
856 4 1 _uhttps://biblioeco.unsa.edu.ar/pmb/images/libros/La Reforma Laboral-l119986.jpg
_yImagen de portada
_qimage/jpeg
650 _a ley nº 25 013
999 _c1755
_d1755